Les Pokémons de type Combat - Statistiques

Statistiques générales
  • Ce quiz a été pris 258 fois
    154 depuis la dernière actualisation
  • Le résultat moyen est 49 sur 72
Statistiques - réponses
Gen Type 1 Type 2 Pokémon % Correct
I 066 Combat Machoc
96%
I 067 Combat Machopeur
96%
I 068 Combat Mackogneur
96%
I 106 Combat Kicklee
93%
I 107 Combat Tygnon
93%
III 257 Combat Feu Braségali
88%
II 236 Combat Debugant
88%
III 308 Combat Psy Charmina
86%
III 256 Combat Feu Galifeu
86%
I 062 Combat Eau Tartard
86%
I 057 Combat Colossinge
85%
I 056 Combat Ferosinge
85%
II 237 Combat Kapoera
85%
IV 448 Combat Acier Lucario
85%
III 307 Combat Psy Méditikka
85%
IV 391 Combat Feu Chimpenfeu
84%
IV 392 Combat Feu Simiabraz
84%
V 499 Combat Feu Grotichon
83%
V 500 Combat Feu Roitiflam
83%
V 539 Combat Karaclée
81%
IV 447 Combat Riolu
81%
VI 701 Combat Vol Brutalibré
80%
III 297 Combat Hariyama
79%
III 296 Combat Makuhita
79%
V 532 Combat Charpenti
78%
V 538 Combat Judokrak
78%
V 533 Combat Ouvrifier
78%
V 534 Combat Bétochef
76%
IV 454 Combat Poison Coatox
76%
IV 453 Combat Poison Cradopaud
76%
V 647 Combat Eau Keldeo
75%
V 639 Combat Roche Terrakium
75%
V 640 Combat Plante Viridium
74%
III 286 Combat Plante Chapignon
73%
V 638 Combat Acier Cobaltium
70%
I 145 Combat Vol Electhor
70%
V 619 Combat Kungfouine
70%
IV 493 Combat Arceus
69%
VI 675 Combat Ténèbres Pandarbare
69%
V 620 Combat Shaofouine
69%
IV 475 Combat Psy Gallame
68%
II 214 Combat Insecte Scarhino
68%
VII 784 Combat Dragon Ékaïser
64%
VI 674 Combat Pandespiègle
64%
VII 783 Combat Dragon Écaïd
61%
V 648 Combat Normal Meloetta
61%
VI 652 Combat Plante Blindépique
59%
VII 760 Combat Normal Chelours
59%
V 560 Combat Ténèbres Baggaïd
58%
VII 759 Combat Normal Nounourson
58%
VIII 892 Combat Ténèbres Shifours
58%
VIII 892 Combat Eau Shifours
58%
V 559 Combat Ténèbres Baggiguane
56%
VII 740 Combat Glace Crabominable
55%
VIII 891 Combat Wushours
53%
II 215 Combat Poison Farfuret
51%
VII 802 Combat Spectre Marshadow
51%
VII 794 Combat Insecte Mouscoto
51%
VII 739 Combat Crabagarre
50%
VII 773 Combat Silvallié
50%
I 083 Combat Canarticho
46%
VIII 865 Combat Palarticho
46%
VII 795 Combat Insecte Cancrelove
45%
V 549 Combat Plante Fragilady
45%
VIII 903 Combat Poison Farfurex
44%
VIII 852 Combat Poulpaf
41%
VIII 853 Combat Krakos
40%
VIII 889 Combat Zamazenta
36%
VIII 889 Combat Acier Zamazenta
36%
VII 724 Combat Plante Archéduc
35%
VII 766 Combat Quartermac
33%
VIII 870 Combat Hexadron
29%
Aucun quiz correspondant
Distribution des résultats
% des personnes avec chaque résultat
Percentile par nombre de réponses
Votre historique - résultats
Vous n’avez pas pris ce quiz depuis la dernière actualisation